| 000 | 00697nam a2200217 u 4500 | ||
|---|---|---|---|
| 005 | 20220528063556.0 | ||
| 008 | 150115s2008 es r 000 0 spa d | ||
| 020 | _a9788498012880 | ||
| 035 | _aUPN01000201240 | ||
| 049 | _aI | ||
| 050 | 4 |
_aPZ76.3 _bCH8.2 |
|
| 100 | 1 |
_aChurch, Caroline Jayne _936668 |
|
| 245 | 1 | 3 |
_aEl cerdito Ping Pong / _cCaroline Jayne Church ; tr. Eva María Cantenys Félez. |
| 260 |
_aBarcelona, Esp. : _bBlume, _c2008. |
||
| 300 |
_a24 p. : _bprincipalmente il. col. |
||
| 534 |
_pTitulo original: _tPing Pong Pig |
||
| 650 | 4 |
_aANIMALES DOMESTICOS - _vLITERATURA INFANTIL _91347 |
|
| 650 | 0 |
_aHistorias de aventuras _94131 |
|
| 905 | _aInfantil | ||
| 999 |
_c173341 _d173341 |
||